Detalles MARC
| 000 -ENCABEZADO |
| Número de control [NR] |
03009cgm a2200517Ii 4500 |
| 005 - FECHA Y HORA DE LA ÚLTIMA TRANSACCIÓN |
| control field |
20140311160540.0 |
| 008 - DE LONGITUD FIJA DE DATOS DE ELEMENTOS - INFORMACIÓN GENERAL |
| Elementos de longitud fija [NR] |
040305s1983 xxu g q mlmul d |
| 040 ## - FUENTE DE CATALOGACION [NR] |
| Agencia de catalogación original [NR] |
CO-BoUCM |
| Idioma de catalogación [NR] |
spa |
| Quien Cataloga |
|
| Quien Clasifica |
|
| 041 0# - CODIGO DE IDIOMA [R] |
| Código de idioma para texto/pista de sonido o título separado [R] |
Inglés |
| 041 0# - CODIGO DE IDIOMA [R] |
| Código de idioma para texto/pista de sonido o título separado [R] |
Español |
| 092 ## - SIGNATURA TOPOGRAFICA LOCAL |
| Número de clasificación local |
DVD 1327 |
| 245 00 - MENCION DE TITULO [NR] |
| Título [NR] |
Vientos de Guerra |
| Mención de responsabilidad, etc. [NR] |
Dan Curtis, director |
| Medio físico [NR] |
[DVD] |
| 246 30 - FORMA VARIANTE DEL TITULO [R] |
| Título propiamente dicho/forma breve del título [NR] |
Herman Wouk's the winds of war |
| 250 ## - MENCION DE EDICION [NR] |
| Mención de edición [NR] |
Special collector's edition |
| 260 ## - PUBLICACION, DISTRIBUCION, ETC. (PIE DE IMPRENTA) [R] |
| Lugar de publicación, distribución, etc. [R] |
Washington D.C. (Estados Unidos) |
| Nombre del editor, distribuidor, etc. [R] |
Jadran Film |
| Fecha de publicación, distribución, etc. [R] |
1983 |
| 300 ## - DESCRIPCION FISICA [R] |
| Extensión [R] |
6 DVD, 883 minutos |
| Otros detalles físicos [NR] |
imagen, sonido, color |
| 340 ## - MEDIO FISICO [R] |
| Materiales específicos a los cuales se aplica el campo [NR] |
DVD |
| 500 ## - NOTA GENERAL [R] |
| Nota general [NR] |
SINOPSIS: Miniserie televisiva basada en una novela épica de Herman Wouk. Ambientada a finales de los años treinta y comienzos de los cuarenta, en plena Segunda Guerra Mundial (1939-1945). Narra las vicisitudes de la familia Henry, encabezada por el comandante Victor "Pug" Henry, oficial de la marina de los Estados Unidos [Tomado de la fuente] |
| 500 ## - NOTA GENERAL [R] |
| Nota general [NR] |
Special features include: Making The winds of war (featurette); a novel for television featurette; cast and characters; on location featurette. |
| 505 ## - NOTA DE CONTENIDO CON FORMATO PREESTABLECIDO [R] |
| Nota de contenido con formato preestablecido [NR] |
DISCO 1. El viento se levanta |
| 505 ## - NOTA DE CONTENIDO CON FORMATO PREESTABLECIDO [R] |
| Nota de contenido con formato preestablecido [NR] |
DISCO 2. -- Se desata la tormenta |
| 505 ## - NOTA DE CONTENIDO CON FORMATO PREESTABLECIDO [R] |
| Nota de contenido con formato preestablecido [NR] |
DISCO 3. -- Cataclismo. -- Resistencia |
| 505 ## - NOTA DE CONTENIDO CON FORMATO PREESTABLECIDO [R] |
| Nota de contenido con formato preestablecido [NR] |
DISCO 4. -- Del amor y la guerra |
| 505 ## - NOTA DE CONTENIDO CON FORMATO PREESTABLECIDO [R] |
| Nota de contenido con formato preestablecido [NR] |
DISCO 5. El cambio de guardia |
| 505 ## - NOTA DE CONTENIDO CON FORMATO PREESTABLECIDO [R] |
| Nota de contenido con formato preestablecido [NR] |
DISCO 6. -- Dentro del Maelstrom |
| 508 ## - NOTA DE CREDITOS DE CREACION/PRODUCCION [R] |
| Nota de créditos de creación/producción [NR] |
CRÉDITOS: Dirigida por Dan Curtis ; música por Bob Cobert ; diseño de producción por Jackson De Govia ; dirección de arte por John V. Cartwright ; ambientación por Thomas L. Roysden ; maquillaje por Elizabeth Rabe |
| 511 0# - NOTA DE PARTICIPANTE O INTERPRETE [R] |
| Nota de participante o intérprete [NR] |
Robert Mitchum, Ali MacGraw, Jan-Michael Vincent, John Houseman, Polly Bergen, Lisa Eilbacher, David Dukes, Topol, Ben Murphy, Peter Graves, Jeremy Kemp, Ralph Bellamy, Victoria Tennant. |
| 520 ## - NOTA DE RESUMEN, ETC. [R] |
| Nota de sumario, etc. [NR] |
REPARTO: Robert Mitchum, Ali MacGraw, Jan-Michael Vincent, John Houseman, Polly Bergen, Lisa Eilbacher, David Dukes, Topol, Ben Murphy |
| 546 ## - NOTA DE IDIOMA [R] |
| Nota de idioma [NR] |
Audio en inglés y español. Subtítulos en inglés y español |
| 586 ## - NOTA DE PREMIOS [R] |
| Nota de premios [NR] |
Ganadora de tres premios Emmy, 1983 (mejor cinematografía en serie limitada o especial, actor de reparto por John Houseman, actor de reparto por Jan-Michael Vincent) |
| 650 #7 - ASIENTO SECUNDARIO DE MATERIA - TERMINO TEMATICO [R] |
| Término temático o nombre geográfico como elemento de entrada [NR] |
Drama |
| Subdivisión de forma [R] |
Series de televisión |
| -- |
DVD |
| 9 (RLIN) |
57989 |
| 650 #7 - ASIENTO SECUNDARIO DE MATERIA - TERMINO TEMATICO [R] |
| Término temático o nombre geográfico como elemento de entrada [NR] |
Guerra Mundial II, 1939-1945 |
| Subdivisión de forma [R] |
Series de televisión |
| -- |
DVD |
| 9 (RLIN) |
57990 |
| 650 #7 - ASIENTO SECUNDARIO DE MATERIA - TERMINO TEMATICO [R] |
| Término temático o nombre geográfico como elemento de entrada [NR] |
Programas de televisión |
| Subdivisión geográfica [R] |
Estados Unidos |
| Subdivisión de forma [R] |
DVD |
| 9 (RLIN) |
57409 |
| 650 #4 - ASIENTO SECUNDARIO DE MATERIA - TERMINO TEMATICO [R] |
| Término temático o nombre geográfico como elemento de entrada [NR] |
Programas de televisión de guerra |
| Subdivisión de forma [R] |
DVD |
| 9 (RLIN) |
57991 |
| 650 #4 - ASIENTO SECUNDARIO DE MATERIA - TERMINO TEMATICO [R] |
| Término temático o nombre geográfico como elemento de entrada [NR] |
Programas de televisión históricos |
| Subdivisión de forma [R] |
DVD |
| 9 (RLIN) |
57992 |
| 650 #7 - ASIENTO SECUNDARIO DE MATERIA - TERMINO TEMATICO [R] |
| Término temático o nombre geográfico como elemento de entrada [NR] |
Relaciones de familia |
| Subdivisión de forma [R] |
Series de televisión |
| -- |
DVD |
| 9 (RLIN) |
57993 |
| 690 ## - ASUNTO AGREGADO LOCAL DE ENTRADA - TÉRMINO TEMÁTICO (OCLC, RLIN) |
| 9 (RLIN) |
42805 |
| Acceso temático local |
Entretenimiento |
| 690 ## - ASUNTO AGREGADO LOCAL DE ENTRADA - TÉRMINO TEMÁTICO (OCLC, RLIN) |
| 9 (RLIN) |
42842 |
| Acceso temático local |
Historia de América |
| 690 ## - ASUNTO AGREGADO LOCAL DE ENTRADA - TÉRMINO TEMÁTICO (OCLC, RLIN) |
| 9 (RLIN) |
42914 |
| Acceso temático local |
Sociología |
| 700 1# - ASIENTO SECUNDARIO - NOMBRE PERSONAL [R] |
| Nombre personal [NR] |
Curtis, Dan |
| Término de relación [R] |
director |
| 9 (RLIN) |
57966 |
| 710 2# - ASIENTO SECUNDARIO - NOMBRE CORPORATIVO [R] |
| Nombre corporativo o de jurisdicción como elemento de entrada [NR] |
Jadran Film |
| 9 (RLIN) |
57967 |
| 710 2# - ASIENTO SECUNDARIO - NOMBRE CORPORATIVO [R] |
| Nombre corporativo o de jurisdicción como elemento de entrada [NR] |
Paramount Television |
| 9 (RLIN) |
57958 |
| 710 2# - ASIENTO SECUNDARIO - NOMBRE CORPORATIVO [R] |
| Nombre corporativo o de jurisdicción como elemento de entrada [NR] |
Feel Films |
| 9 (RLIN) |
57968 |
| 765 0# - ASIENTO DE IDIOMA ORIGINAL [R] |
| Título [NR] |
The winds of war |
| 942 ## - ELEMENTOS DE ENTRADA AGREGADOS (KOHA) |
| Source of classification or shelving scheme |
LOCAL |
| Tema principal |
Entretenimiento |
| Koha item type |
Multimedia |
| Edition |
1 |
| Classification part |
DVD 1327 |